000 00987cam a2200301 a 4500
003 OSt
005 20251110094605.0
008
020 _a9780072910094 (Paperback)
040 _cNUST
_aNUST
_beng
_dNUST
_erda
050 _aCB245 FIE
100 _aFiero, Gloria K.
_eAuthor
245 1 4 _aThe humanistic tradition /
_cGloria K. Fiero.
250 _aFifth edition.
260 _aBoston :
_bMcGraw Hill,
_c©2006.
300 _axiii, 178 pages :
_bIllustrations ;
_c29 cm.
336 _2rdacontent
_atext
_btxt
337 _2rdamedia
_aunmediated
_bn
338 _2rdacarrier
_avolume
_bnc
504 _aIncludes bibliographical references and index.
650 0 _aCivilization, Western
_xHistory.
650 0 _aHumanism.
650 2 _aGreek World
_xhistory.
650 2 _aHistory
_zEurope.
650 2 _aHumanism
_xhistory.
650 2 _aRoman World
_xhistory.
942 _cBOOKS
_kCB245
_mFIE
_2lcc
_eFifth edition.
_hCB245 FIE
_n0
999 _c140799
_d140799